| 000 | 00000nam##2200000za#4500 |
| 001 | 9.642444 |
| 003 | CaOODSP |
| 005 | 20210624223713 |
| 007 | cr ||||||||||| |
| 008 | 150407|1998||||xxc|||||o f|0| 0 fre|d |
| 040 | |aCaOODSP|bfre |
| 043 | |an-cn--- |
| 086 | 1 |aE100-2/1-97-1904-01F-PDF |
| 110 | 2 |aSecrétariat de l'ALÉNA. |
| 245 | 10|aDans l'affaire de: certains panneaux de béton, renforcés d'un filet de fibre de verre, originaires ou exportés des États-Unis d'Amérique et produits par ou pour le compte de Custom Building Products, ses successeurs et ayant droit, qui sont utilisés ou consommés dans la province de la Colombie-Britannique ou dans la province de l'Alberta : |h[ressource électronique]|bdécision du Groupe spécial au sujet de l'examen des conclusions du Tribunal canadien du commerce extérieur |
| 246 | 1 |aArticle 1904 examen par un Groupe spécial binational en application de l'Accord de libre-échange nord-américain |
| 260 | |aOttawa - Ontario : |bSecrétariat de l'ALÉNA |cLe 26 août 1998. |
| 300 | |a33p.|bréférences |
| 590 | |a13-21-Supp|b2013-09-16 |
| 691 | 07|aArbitrage|2gcpds |
| 691 | 07|aDumping|2gcpds |
| 691 | 07|aLibre-échange|2gcpds |
| 691 | 07|aMatériau de construction|2gcpds |
| 775 | 08|tIn the matter of certain concrete panels, reinforced with fiberglass mesh, originating in or exported from the United States of America and produced by or on behalf of Custom Building Products, its successors and assigns, for use or consumption in the province of British Columbia or Alberta (injury) : |w(CaOODSP)9.698437 |
| 856 | 40|ahttp://publications.gc.ca|qPDF|s108 Ko|uhttps://publications.gc.ca/collections/Collection/E100-2-1-97-1904-01F.pdf |
| 986 | |aCDA-97-1904-01 |